Guess the Taylor Swift Song with No Hints - 27 - Statistics

General Stats
  • This quiz has been taken 71 times
  • The average score is 299 of 385
Answer Stats
Answer % Correct
I
100%
"I
100%
I"
100%
me
98%
You
98%
you
98%
you)
98%
a
96%
(a
96%
it
94%
the
94%
The
94%
we
94%
(we
94%
He
92%
and
91%
And
91%
go
91%
go),
91%
when
91%
your
91%
that
89%
That
89%
to
89%
like
87%
is
85%
Know
85%
where
85%
in
83%
no
83%
of
83%
"What
83%
never
81%
back
79%
back,
79%
but
79%
oh
79%
Oh,
79%
on
79%
time
79%
too
79%
It's
77%
out
77%
(Out
77%
said,
77%
say,
77%
So
77%
'cause
75%
'Cause
75%
come
75%
every
75%
his
75%
there
75%
down,
74%
down
74%
got
74%
have
74%
look
74%
style,
74%
style
74%
style)
74%
with
74%
Dean
72%
from
72%
girl
72%
girl,
72%
girl"
72%
"I've
72%
James
72%
red
72%
thing
72%
you've
72%
eye
70%
lip
70%
little
70%
skirt
70%
skirt)
70%
Take
70%
take
70%
been
68%
can't
68%
Can't
68%
classic
68%
good
68%
just
68%
Just
68%
Long
68%
long
68%
up,
68%
are
66%
crashing
66%
daydream
66%
goes
66%
hair
66%
home
66%
off,
66%
off
66%
says,
66%
about
64%
Could
64%
even
64%
few
64%
heard
64%
(heard
64%
heard,
64%
other
64%
pick
64%
some
64%
tight
64%
times"
64%
true,
64%
T-shirt
64%
while
64%
white
64%
'bout
62%
eyes
62%
since
62%
stop
62%
thinkin'
62%
us
62%
yeah
62%
Yeah,
62%
headlights
60%
he's
60%
keep
60%
Midnight
60%
or
60%
road,
60%
Takes
60%
exactly
58%
leads,
58%
leave
58%
taking
58%
wild
58%
coat,
57%
drive
57%
slicked
55%
tell
55%
burning
53%
end
53%
paradise
53%
'round
53%
should
53%
each
51%
faith
51%
lights
51%
Watch
51%
flames
49%
into
42%
Fade
40%
view,
40%
mm
38%
mm,
38%
(now
36%
whoa,
34%
No matching quizzes found
Score Distribution
Percent of People with Each Score
Percentile by Number Answered
Your Score History
You have not taken this quiz